书目信息 |
| 题名: |
概率论与数理统计题型精讲
|
|
| 作者: | 姚孟臣 编著 | |
| 分册: | ||
| 出版信息: | 北京 机械工业出版社 2005.08 |
|
| 页数: | 279页 | |
| 开本: | 24cm | |
| 丛书名: | 考试名家指导 | |
| 单 册: | ||
| 中图分类: | O21-42 | |
| 科图分类: | ||
| 主题词: | 概率论--gai lu lun--研究生教育--入学考试--学习参考资料 | |
| 电子资源: | ||
| ISBN: | 7-111-14282-9 | |
| 000 | 00979nam 2200265 45 | |
| 001 | 0111545454 | |
| 005 | 20080617110835.09 | |
| 010 | @a7-111-14282-9@dCNY26.00 | |
| 100 | @a20040916d2005 km y0chiy0120 ea | |
| 101 | 0 | @achi |
| 102 | @aCN@b110000 | |
| 105 | @aa z 000yy | |
| 200 | 1 | @a概率论与数理统计题型精讲@AGai Lu Lun Yu Shu Li Tong Ji Ti Xing Jing Jiang@f姚孟臣编著@Fyao meng chen bian zhu |
| 205 | @a第4版 | |
| 210 | @a北京@c机械工业出版社@d2005.08 | |
| 215 | @a279页@c图@d24cm | |
| 225 | 2 | @a考试名家指导@Akao shi ming jia zhi dao@i(考研) 数学专项训练系列 |
| 330 | @a本书针对随机事件与概率、一维随机变量及其分布等内容结合大纲要求、对考试内容的重点、难点进行解析,分析典型例题,并编写练习题。 | |
| 410 | 0 | @12001 @a考试名家指导 |
| 410 | 0 | @12001 @a(考研) 数学专项训练系列 |
| 606 | 0 | @a概率论@Agai lu lun@x研究生教育@x入学考试@x学习参考资料 |
| 690 | @aO21-42@v4 | |
| 701 | 0 | @a姚孟臣@Ayao meng chen@4编著 |
| 801 | 0 | @aCN@c20080617 |
| 905 | @dO21-42@eY360 | |
| 概率论与数理统计题型精讲/姚孟臣编著.-第4版.-北京:机械工业出版社,2005.08 |
| 279页:图;24cm.-(考试名家指导.(考研) 数学专项训练系列) |
| ISBN 7-111-14282-9:CNY26.00 |
| 本书针对随机事件与概率、一维随机变量及其分布等内容结合大纲要求、对考试内容的重点、难点进行解析,分析典型例题,并编写练习题。 |
| ● |
| 相关链接 |
|
|
|
正题名:概率论与数理统计题型精讲
索取号:O21-42/Y360
 
预约/预借
| 序号 | 登录号 | 条形码 | 馆藏地/架位号 | 状态 | 备注 |
| 1 | 452555 | 204525558 | 自科库401/401自科库 47排2列3层/ [索取号:O21-42/Y360] | 在馆 | |
| 2 | 576436 | 205764369 | 自科库401/401自科库 47排2列3层/ [索取号:O21-42/Y360] | 在馆 | |
| 3 | 576437 | 205764378 | 自科库401/ [索取号:O21-42/Y360] | 在馆 | |
| 4 | 576438 | 205764387 | 自科库401/ [索取号:O21-42/Y360] | 在馆 |